South Eastern Kenya University

Library Online Public Access Catalogue


Principles of Microeconomics/ (Record no. 10699)

MARC details
000 -LEADER
fixed length control field 00382nam a22001457a 4500
020 ## - ISBN
International Standard Book Number 9780131388857
050 ## - LIBRARY OF CONGRESS CALL NUMBER
Classification Number HB 172
Item Number .C36 2012
100 ## - MAIN ENTRY--Author
Personal name Case, E. Karl
245 ## - TITLE
Title Principles of Microeconomics/
Statement of responsibility, etc Karl E. Case, Ray C. Fair, Sharon M. Oster;
250 ## - EDITIONSTATEMENT
Edition statement 10th.
300 ## - PHYSICAL DESCRIPTION
Extent 471 p. :
650 ## - SUBJECT--TOPIC
Topical term following geographic name as entry element Fair,ray
Form subdivision Oster, Sharo M.
700 ## - ADDED ENTRY--PERSONAL AUTHOR
Personal Name Fair C. Ray
942 ## - ADDED ENTRY ELEMENTS(KOHA)
Source of classification or shelving scheme Library of Congress Classification
Koha item type General circulation
Holdings
Source of classification or shelving scheme Not for loan Location (home branch) Sublocation (holding branch) Shelving location Date accessioned Full call number Barcode Koha item type
Library of Congress Classification   Mtito Andei Centre Library Mtito Andei Centre Library   10/02/2016 HB 172 .C36 2012 2015/008136 General circulation
Kitui, Kenya.
+254736116989
library@seku.ac.ke